[Event "GER Cup Net V4 U2000"]
[Site "Playchess.com INT"]
[Date "2020.05.31"]
[Round "8"]
[White "Hader, Soeren"]
[Black "Hein, Ralf1111"]
[Result "0-1"]
[WhiteElo "1461"]
[BlackElo "1621"]
[PlyCount "72"]
[EventDate "2020.05.31"]
[EventType "swiss (blitz)"]
[EventRounds "9"]
[EventCountry "GER"]
[SourceTitle "EXT 2021"]
[Source "ChessBase"]
[SourceDate "2020.10.23"]
[SourceVersion "1"]
[SourceVersionDate "2020.10.23"]
[SourceQuality "1"]

1. e4 e5 2. Nf3 Nc6 3. d4 exd4 4. Nxd4 Bc5 5. Be3 Nxd4 6. Bxd4 Bxd4 7. Qxd4 Qf6 8. e5 Qb6 9. Qxb6 axb6 10. Nc3 c6 11. Bd3 Ne7 12. h3 0-0 13. g4 Ng6 14. 0-0-0 Nxe5 15. Be4 d5 16. Bg2 b5 17. Rhe1 Nc4 18. b3 Nb6 19. Kb2 Be6 20. f4 g6 21. Re2 b4 22. Nb1 c5 23. Red2 c4 24. c3 cxb3 25. axb3 bxc3+ 26. Nxc3 Ra5 27. Bxd5 Nxd5 28. Nxd5 Rb5 29. Ne7+ Kg7 30. Rd8 Rxb3+ 31. Kc2 Rxd8 32. Rxd8 f5 33. g5 Kf7 34. Nc8 Rxh3 35. Nd6+ Ke7 36. Nxf5+ Kxd8 0-1

[Event "GER Cup Net V4 U2000"]
[Site "Playchess.com INT"]
[Date "2020.05.31"]
[Round "9"]
[White "Nagy, Zoltan1111"]
[Black "Hader, Soeren"]
[Result "1-0"]
[WhiteElo "1531"]
[BlackElo "1450"]
[PlyCount "59"]
[EventDate "2020.05.31"]
[EventType "swiss (blitz)"]
[EventRounds "9"]
[EventCountry "GER"]
[SourceTitle "EXT 2021"]
[Source "ChessBase"]
[SourceDate "2020.10.23"]
[SourceVersion "1"]
[SourceVersionDate "2020.10.23"]
[SourceQuality "1"]

1. d4 d5 2. Nf3 Nf6 3. g3 Bf5 4. Bg2 e6 5. 0-0 c5 6. c4 dxc4 7. Qa4+ Nc6 8. Ne5 Nd7 9. Nxc6 bxc6 10. Bxc6 Rc8 11. d5 Be4 12. Nc3 exd5 13. Nxe4 dxe4 14. Bxe4 Be7 15. Qxc4 0-0 16. Be3 Nf6 17. Rfd1 Qc7 18. Bf4 Qa5 19. Bc2 Rfd8 20. Bd2 Qc7 21. Bc3 Qb6 22. Qh4 Qb7 23. Bxf6 Bxf6 24. Qxh7+ Kf8 25. Qh8+ Ke7 26. Qh3 Rxd1+ 27. Rxd1 Rc7 28. b3 a5 29. Qf5 c4 30. Qg5 1-0

[Event "GER Cup Net V4 U2000"]
[Site "Playchess.com INT"]
[Date "2020.05.31"]
[Round "2"]
[White "Weber, Michael"]
[Black "Hader, Soeren"]
[Result "1/2-1/2"]
[WhiteElo "1658"]
[BlackElo "1443"]
[PlyCount "54"]
[EventDate "2020.05.31"]
[EventType "swiss (blitz)"]
[EventRounds "9"]
[EventCountry "GER"]
[SourceTitle "EXT 2021"]
[Source "ChessBase"]
[SourceDate "2020.10.23"]
[SourceVersion "1"]
[SourceVersionDate "2020.10.23"]
[SourceQuality "1"]

1. d4 d5 2. Nf3 Nf6 3. c4 e6 4. Nc3 c6 5. e3 Nbd7 6. Be2 dxc4 7. Bxc4 Bd6 8. a3 0-0 9. 0-0 Qc7 10. Bd2 e5 11. dxe5 Nxe5 12. Nxe5 Bxe5 13. g3 Bh3 14. Re1 Rad8 15. Qc2 Rd7 16. Be2 Rfd8 17. Rad1 Bf5 18. Qxf5 Rxd2 19. Rxd2 Rxd2 20. f4 Bxc3 21. bxc3 h6 22. Kf1 Qe7 23. Bd3 Qxa3 24. Qc8+ Qf8 25. Qf5 Qa3 26. Qc8+ Qf8 27. Qf5 Qa3 1/2-1/2

[Event "GER Cup Net V3 U2000"]
[Site "Playchess.com INT"]
[Date "2020.05.27"]
[Round "9"]
[White "Braeutigam, Alexander"]
[Black "Hader, Soeren"]
[Result "1-0"]
[WhiteElo "1666"]
[BlackElo "1414"]
[PlyCount "39"]
[EventDate "2020.05.27"]
[EventType "swiss (blitz)"]
[EventRounds "9"]
[EventCountry "GER"]
[SourceTitle "EXT 2021"]
[Source "ChessBase"]
[SourceDate "2020.10.23"]
[SourceVersion "1"]
[SourceVersionDate "2020.10.23"]
[SourceQuality "1"]

1. e4 c5 2. Nf3 e6 3. Nc3 a6 4. d4 cxd4 5. Nxd4 Qc7 6. Be3 Nf6 7. Qd2 b5 8. a3 Bb7 9. f3 Be7 10. Bd3 0-0 11. g4 d6 12. h4 Nc6 13. g5 Nd7 14. h5 Nce5 15. g6 f6 16. h6 Nxg6 17. hxg7 Kxg7 18. Bh6+ Kg8 19. Bxf8 Rxf8 20. Nxe6 1-0

[Event "GER Cup Net V3 U2000"]
[Site "Playchess.com INT"]
[Date "2020.05.27"]
[Round "6"]
[White "Friemel, Reinhard"]
[Black "Hader, Soeren"]
[Result "1-0"]
[WhiteElo "1633"]
[BlackElo "1414"]
[PlyCount "71"]
[EventDate "2020.05.27"]
[EventType "swiss (blitz)"]
[EventRounds "9"]
[EventCountry "GER"]
[SourceTitle "EXT 2021"]
[Source "ChessBase"]
[SourceDate "2020.10.23"]
[SourceVersion "1"]
[SourceVersionDate "2020.10.23"]
[SourceQuality "1"]

1. e4 c5 2. c4 e6 3. Nc3 Nc6 4. g3 b6 5. Bg2 Qc7 6. d3 Bb7 7. Nge2 d6 8. a3 a6 9. Rb1 Nf6 10. b4 Be7 11. h3 0-0 12. 0-0 cxb4 13. axb4 a5 14. bxa5 bxa5 15. Na4 Ra6 16. f4 Rb8 17. Be3 Ba8 18. Qd2 Nb4 19. Nec3 Bc6 20. e5 Bxg2 21. Kxg2 Nd7 22. Nb5 Rxb5 23. cxb5 Qb7+ 24. Kh2 Qxb5 25. Nc3 Qxd3 26. Qxd3 Nxd3 27. Rb7 Rc6 28. Rxd7 Rxc3 29. Rxe7 Kf8 30. Ra7 dxe5 31. fxe5 Nxe5 32. Bf4 Rc2+ 33. Kh1 Nd3 34. Bd6+ Ke8 35. Re7+ Kd8 36. Rexf7 1-0

[Event "GER Cup Net V3 U2000"]
[Site "Playchess.com INT"]
[Date "2020.05.27"]
[Round "5"]
[White "Hader, Soeren"]
[Black "Dietrich, Leif"]
[Result "0-1"]
[WhiteElo "1414"]
[BlackElo "1620"]
[PlyCount "96"]
[EventDate "2020.05.27"]
[EventType "swiss (blitz)"]
[EventRounds "9"]
[EventCountry "GER"]
[SourceTitle "EXT 2021"]
[Source "ChessBase"]
[SourceDate "2020.10.23"]
[SourceVersion "1"]
[SourceVersionDate "2020.10.23"]
[SourceQuality "1"]

1. e4 c5 2. Nf3 d6 3. d4 cxd4 4. Nxd4 Nf6 5. Nc3 a6 6. Bg5 Nbd7 7. Qd2 Qc7 8. Be2 h6 9. Bh4 g5 10. Bg3 e6 11. 0-0 Be7 12. a4 Nc5 13. f3 Bd7 14. Nb3 Nxb3 15. cxb3 Nh5 16. Bf2 Nf4 17. Rac1 Bc6 18. g3 Nh3+ 19. Kg2 Nxf2 20. Rxf2 h5 21. Nd5 Qd8 22. Nxe7 Qxe7 23. Qe3 h4 24. g4 h3+ 25. Kg1 Rd8 26. Bxa6 bxa6 27. Rxc6 Qb7 28. Qc3 0-0 29. Rc7 Qb6 30. Kf1 f6 31. Rc2 Rb8 32. Rc6 Qxb3 33. Qxb3 Rxb3 34. Rxa6 Rxf3+ 35. Kg1 Rf4 36. Rxd6 Rxg4+ 37. Kh1 Rxe4 38. Rc1 Kg7 39. Rd7+ Kg6 40. Rcd1 Rxa4 41. Kg1 Rb8 42. Rb1 Rab4 43. Kf1 Rxb2 44. Rc1 Rb1 45. Re1 Rxe1+ 46. Kxe1 Rb2 47. Rd6 Kf5 48. Rd1 Rxh2 0-1